|
|
|
|
| LEADER |
00000nam2a2200000 4500 |
| 001 |
292132 |
| 005 |
20231102000450.0 |
| 035 |
|
|
|a (RuTPU)RU\TPU\book\316745
|
| 035 |
|
|
|a RU\TPU\book\93241
|
| 090 |
|
|
|a 292132
|
| 100 |
|
|
|a 20150420d1958 km y0rusy50 ca
|
| 101 |
0 |
|
|a rus
|
| 102 |
|
|
|a RU
|
| 105 |
|
|
|a y g 001zy
|
| 200 |
0 |
|
|a Вып. 25 : Медь
|f Г. Г. Гудалин
|g научн. ред. Б. Д. Стеркин
|
| 210 |
|
|
|d 1958
|
| 215 |
|
|
|a 56 с.
|
| 320 |
|
|
|a Библиогр.: с. 56.
|
| 461 |
|
1 |
|0 (RuTPU)RU\TPU\book\77886
|t Требования промышленности к качеству минерального сырья
|o справочник для геологов
|f Всесоюзный научно-исследовательский институт минерального сырья; Б. Д. Стеркин
|v Вып. 25 : Медь
|e 2-е изд., перераб.
|d 1958-1965
|
| 606 |
1 |
|
|a Минеральное сырье
|x Анализ
|2 stltpush
|3 (RuTPU)RU\TPU\subj\44018
|
| 606 |
1 |
|
|a Медные месторождения
|2 stltpush
|3 (RuTPU)RU\TPU\subj\41839
|9 61616
|
| 610 |
1 |
|
|a геология
|
| 610 |
1 |
|
|a медь
|
| 610 |
1 |
|
|a медные руды
|
| 610 |
1 |
|
|a месторождения
|
| 610 |
1 |
|
|a применение
|
| 610 |
1 |
|
|a обогащение
|
| 610 |
1 |
|
|a качество
|
| 610 |
1 |
|
|a испытание
|
| 610 |
1 |
|
|a экономические данные
|
| 610 |
1 |
|
|a справочники
|
| 675 |
|
|
|a 553.08(035)
|v 3
|
| 675 |
|
|
|a 553.43(035)
|v 3
|
| 700 |
|
1 |
|a Гудалин
|b Г. Г.
|
| 702 |
|
1 |
|a Стеркин
|b Б. Д.
|4 340
|
| 801 |
|
1 |
|a RU
|b 63413507
|c 20051130
|g PSBO
|
| 801 |
|
2 |
|a RU
|b 63413507
|c 20200124
|g PSBO
|
| 942 |
|
|
|c BK
|